000 00627nam a2200229Ia 4500
003 OSt
005 20250806141101.0
008 210210b2019 xxu||||| |||| 00| 0 eng d
020 _a9788193558584
040 _cAL
041 _aeng
082 _a530.02 KHAP
100 _aKhanna Editorial Team
_9234271
245 _aPhysics : MSc entrance examination for all Indian universities including solved paper 2019
260 _aDelhi
_bKhanna Publishers
_c2019
300 _aviii,294
650 _aPhysics
_9234274
650 _aIndian
_9234277
690 _aPhysics Entrance
_9234283
906 _a073833
942 _2ddc
_cBK
999 _c123566
_d123566